Appellations of Burgundy (typing) - Statistics

General Stats
  • This quiz has been taken 349 times
    338 since last reset
  • The average score is 21 of 28
Answers on the Map
Answers color-coded by a green-red scale on the quiz's map according to % correct below.
 
Answer Stats
Appellation % Correct
Beaujolais
89%
Mâcon
86%
Beaune
84%
Côte de Beaune
84%
Côte de Nuits
84%
Meursault
81%
Vosne-Romanée
81%
Puligny-Montrachet
78%
Gevrey-Chambertin
77%
Mâconnais
77%
Côte Chalonnaise
76%
Côte d'Or
76%
Nuits-Saint-Georges
76%
Pommard
76%
Chassagne-Montrachet
75%
Aloxe-Corton
74%
Givry
74%
Morgon
74%
Rully
74%
Pouilly-Fuissé
73%
Saint-Véran
73%
Fleurie
72%
Volnay
72%
Moulin-à-Vent
69%
Vougeot
68%
Mercurey
67%
Brouilly
65%
Montagny
63%
No matching quizzes found
Score Distribution
Percent of People with Each Score
Percentile by Number Answered
Your Score History
You have not taken this quiz since the last reset